Statistiques concernant Retrouvez les stars

Cliquez ici pour prendre le quiz!

Statistiques générales

  • Ce quiz a été pris 49 fois
  • Le résultat moyen est 4 sur 15

Statistiques - réponses

Serie TVFilmRéponse% Correct
EuphoriaThe Greatest ShowmanZendaya
88%
Teen WolfLabyrintheDylan O'Brien
55%
JessieDescendantsCameron Boyce
43%
HomelandCall Me By Your NameTimothée Chalamet
38%
SummerlandHigh School MusicalZac Efron
35%
Spring BreakersOnly Murders In The BuildingSelena Gomez
28%
Game Of ThronesAvant toiEmilia Clarke
20%
SafeAfterHero Fiennes-Tiffin
20%
The actThe Kissing BoothJoey King
18%
YouEasy GirlPenn Badgley
13%
Bates MotelArthur et les MinimoysFreddie Highmore
8%
The Office40 ans toujours puceauSteve Carell
8%
Dr HarrowTitanicIoan Gruffud
3%
Big Little LiesDivergenteSheilene Woodley
3%
The FostersTeen Beach MovieMaia Mitchell
0%

Distribution des résultats

Percentile par nombre de réponses

% des personnes avec chaque résultat

Votre développement - résultats

Vous n’avez pas pris ce quiz